03664nam a2200469 a 4500001001000000003000500010005001700015007001500032008004100047035001100088040000900099090001000108100004600118245019500164264005800359300006200417336002700479337002900506338004000535502002800575520179200603590002402395590002802419590002802447590002802475590002802503590002802531590002902559590002802588650003302616650003202649650003002681650002402711700006902735856005302804901000702857942005602864949006902920949007402989999001703063952011403080000103440CHAP20250121113139.0cr ||||||a|c|a101122s2010 mx r 00010 spa d a111561 cCHAP aTesis1 aPérez Alcázar, Reyna Catalina.98949813aLa migración dentro del sistema de vida campesino de los tzeltales de Aguacatenango, Chiapasc/por Reyna Catalina Pérez Alcázar; director de tesis Raúl Andrés Pérez- Govas Garza. 1aSan Cristobal de las Casas, Chis. :bEl autor,c2010. a1 recurso en línea (192 páginas).:bcuadros, figuras. 2rdacontentatextobtxt 2rdamediaacomputadorabc 2rdacarrierarecursos en líneabcr bMCDRRcDCRUd2010.gMAE aAguacatenango es una comunidad indígena tzeltal que mantiene costumbres y tradiciones apoyadas en el intercambio de bienes y servicios entre familias, en la reciprocidad y en el compadrazgo. Muestra una economía campesina basada en la producción familiar para satisfacer las necesidades de autoabasto de la unidad doméstica a través de la agricultura (cultivo de milpa de temporal, mano de obra familiar con uso elevado de agroquímicos), aunque su principal actividad generadora de ingresos es la venta foránea de fuerza de trabajo. La comunidad muestra un sistema de vida complejo que depende de la diversificación de estrategias. El objetivo fue identificar las causas de la migración, sus repercusiones económicas, el papel de cada uno de los miembros de la unidad doméstica y el impacto en el sistema de vida campesino. Se realizó un estudio de caso en Aguacatenango, comunidad tzeltal de Venustiano Carranza, Chiapas; se aplicó una metodología deductiva, con el apoyo de herramientas convencionales y participativas de investigación social. Los resultados muestran que los elementos del sistema de vida campesino no pueden ser analizados de forma independiente y simétrica. El esquema del pentágono de los sistemas de vida sostenibles puede utilizarse para analizar los recursos: humano, social, natural, físico y financiero de la unidad doméstica. Un elemento importante es el recurso financiero, que se convierte en el motor de la economía campesina a través de la migración; como impacto positivo genera el mayor porcentaje de los ingresos de la familia, pero trae como consecuencia negativa la inestabilidad al interior de la familia, y la dependencia de la unidad doméstica del mercado de trabajo foráneo y de las redes sociales. aALEPHb10c20130110 aBATCH-UPDb10c20130110 aBATCH-UPDb10c20130410 aBATCH-UPDb10c20130914 aBATCH-UPDb10c20140324 aBATCH-UPDb10c20141002 aCONVERSIONb10c20130109 aE11695DGDb10c2013031914aCampesinadoxChiapas.91800114aComunidades rurales.92625414aMigración rural.97560914aVida rural.91191521 aPérez-Grovas Garza, Raúl Andrés990133eDirector de tesis. uhttp://10.13.5.2/tesis/111561.pdfzDESCARGAR PDF aBK cTD2Clasificación Universidad Autónoma Chapingo aTesisbBCcTESd33724002222446eTS1gDonaciØnh51494i111561sb aTesisbBCcTESd33724002222561eTS2fc.2gDonaciØnh51495i111561sb c99903d99903 00102local4051708TesDigMaBDbBDcE_Ld2019-12-31l0oTesis digitalr2019-12-31 00:00:00w2019-12-31yTD